000 00584nam a22002057a 4500
001 32460
003 BD-RjUL
005 20211209051835.0
008 140426s pk ||||| b||| 00| 0 eng d
035 _a(BD-RjUL)32549
040 _aBD-RjUL
_beng
_cBD-RjUL
041 _aeng
082 0 4 _a297.29
_bISL 1982
245 0 0 _aIslam :
_bthe religion of all prophets /
260 _aKarachi :
_bBegum Aisha Bawany Wakf,
_c1982.
300 _axxi, 205 p. :
_bill. ;
_c19 cm.
650 0 _aIslam
_xApologetic works.
_998741
650 0 _aMuslim converts
_vBiography.
_998767
942 _2ddc
_cBK
999 _c32460
_d32460